[Event "?"]
[Site "?"]
[Date "2012.06.09"]
[Round "?"]
[White "Tomashevsky, Evgeny"]
[Black "Aronian, Levon"]
[Result "1/2-1/2"]
[WhiteElo "2738"]
[BlackElo "2825"]
[PlyCount "49"]
[EventDate "2012.??.??"]

{Qc7 Houdini Aquarium (0:00:04) &lt;font color=red&gt;+0.00|d20&lt;/font&gt;
$11} 1. d4 d5 2. c4 e6 3. Nf3 Be7 4. g3 Nf6 5. Bg2 O-O 6. O-O dxc4 7. Qc2 a6 8.
a4 Bd7 9. Qxc4 Bc6 10. Bf4 Bd6 11. Bg5 Nbd7 12. Nc3 h6 13. Bxf6 Nxf6 14. Nd2 {N
} (14. Rfd1 Qe7 15. Ne5 Bxg2 16. Kxg2 c5 17. Nd3 cxd4 18. Qxd4 e5 19. Qe3 Rac8
20. Ne4 Nxe4 21. Qxe4 f5 22. Qd5+ Kh8 23. Ne1 Rcd8 24. Nf3 e4 25. Nh4 {... 1-0,
Kuzubov Yuriy (UKR) 2616 - Bologan Viktor (MDA) 2680, Plovdiv (Bulgaria) 2012.
03.24}) 14... Bxg2 15. Kxg2 a5 16. Rfd1 Bb4 17. Rac1 Qd7 18. Nf3 Rfd8 19. Ne5
Qe7 20. e3 c6 21. Qb3 Qc7 22. Nb5 Qb8 23. Nc3 Qc7 24. Nb5 Qb8 25. Nc3 {Z0} ()
1/2-1/2

[Event "?"]
[Site "?"]
[Date "2012.06.10"]
[Round "?"]
[White "Aronian, Levon"]
[Black "McShane, Luke J"]
[Result "0-1"]
[WhiteElo "2825"]
[BlackElo "2706"]
[PlyCount "76"]
[EventDate "2012.??.??"]

1. d4 d5 2. Nf3 Nf6 3. c4 c6 4. Nc3 a6 5. Bg5 dxc4 6. a4 h6 7. Bh4 b5 8. axb5
cxb5 9. Nxb5 axb5 10. Rxa8 Bb7 11. Ra1 g5 {N} (11... e6 {&lt;font color=red&gt;
-0.30|d25&lt;/font&gt; $15}) (11... e5 12. e3 Bb4+ 13. Ke2 exd4 14. Qxd4 Qe7
15. Rd1 O-O 16. Bxf6 gxf6 17. Qg4+ Kh7 18. Qf5+ Kg7 19. Rd4 {... 1-0, Duncan
Christopher R (ENG) 2315 - Aranaz Murillo Amalia (ESP) 2201, Malaga (Spain)
2011.05.02}) 12. Bg3 e6 13. e3 Bb4+ 14. Ke2 Nc6 15. Ne1 Na5 {?!} (15... Nd5 16.
h4 Bc3 17. Qc2 Bxd4 18. Rd1 Bf6 19. hxg5 hxg5 20. Rxh8+ Bxh8 21. Nf3 g4 22. Nd4
Bxd4 23. exd4 {&lt;font color=red&gt;-0.16|d22&lt;/font&gt; $11}) 16. Be5 O-O
17. h4 g4 18. Nc2 Be7 19. Ke1 Nb3 20. Ra2 h5 21. Be2 Bd6 22. f3 Nd5 {?} (22...
Bxe5 {&lt;font color=red&gt;-1.15|d17&lt;/font&gt; $17}) 23. fxg4 {?!} (23.
Bxd6 Qxd6 {&lt;font color=red&gt;-0.78|d20&lt;/font&gt; $17}) 23... Bxe5 24.
dxe5 Qb6 25. Bf3 Nxe3 26. Nxe3 Qxe3+ 27. Qe2 Qc1+ 28. Qd1 Qe3+ 29. Qe2 Qc1+ 30.
Qd1 Bxf3 31. gxf3 Qe3+ 32. Qe2 Qc1+ 33. Qd1 Qe3+ 34. Qe2 Qf4 35. Qh2 {?} (35.
Kf2 Rd8 36. Rd1 Qh2+ 37. Ke3 Qxe5+ 38. Kf2 Qh2+ 39. Ke3 Qxh4 40. Ra6 hxg4 41.
Rxd8+ Qxd8 42. fxg4 Qc8 {&lt;font color=red&gt;-1.94|d22&lt;/font&gt; $17})
35... Qxf3 36. Rf1 Qe4+ 37. Kf2 Nd2 38. Rg1 Qf3+ {Z0} ({Ke1} 38... Qe3+ {Kd1
Nb3 gxh5+ Kh8 Ra6 Qc1+ Ke2 Nd4+ Kf2 Qd2+ Kf1 Qd1+ Kf2 Qe2+ Houdini Aquarium (0:
00:26) &lt;font color=red&gt;-299.91|d28&lt;/font&gt; $19}) 0-1

[Event "?"]
[Site "?"]
[Date "2012.06.10"]
[Round "?"]
[White "Grischuk, Alexander"]
[Black "Morozevich, Alexander"]
[Result "0-1"]
[WhiteElo "2761"]
[BlackElo "2769"]
[PlyCount "120"]
[EventDate "2012.??.??"]

1. Nf3 d5 2. c4 c6 3. g3 Bg4 4. Qb3 Qb6 {N} (4... Bxf3 5. exf3 Qd7 6. d4 dxc4
7. Bxc4 e6 8. O-O Ne7 9. Re1 a5 10. Nc3 b5 11. Nxb5 cxb5 12. Bxb5 Nbc6 13. Bg5
Rb8 {... 0-1, Stocek Jiri (CZE) 2563 - Movsesian Sergei (SVK) 2663, Czech
Republic 2002}) 5. Ne5 Be6 6. d3 f6 7. Nf3 Bf7 8. Bh3 e5 9. O-O Na6 10. Nc3 Ne7
11. Be3 d4 12. Ne4 Ng6 13. Bc1 Nc5 14. Nxc5 Bxc5 15. Nd2 O-O 16. Ne4 Be7 17. f4
exf4 18. gxf4 Rfe8 {?!} (18... Qc7 19. Qc2 Rfe8 20. Bd2 Rab8 21. b3 Rbd8 22.
Bg4 Nh4 23. f5 Qd7 24. Be1 Ng6 25. Bg3 Ne5 26. Bxe5 {&lt;font color=red&gt;-0.
59|d19&lt;/font&gt; $15}) 19. f5 Ne5 20. Bf4 {?!} (20. Qxb6 axb6 21. a3 Bd8 22.
Bg2 Bc7 23. Bf4 Re7 24. h3 Bh5 25. Ng3 Be8 26. Ne4 Rd8 27. Bg3 Bb8 {&lt;font
color=red&gt;-0.19|d20&lt;/font&gt; $11}) 20... Bf8 21. Bg2 Qc7 22. Qc2 Qd7 23.
Bd2 b5 24. c5 a5 25. Rf4 a4 26. Bb4 Rac8 {?!} (26... Bd5 27. Nd6 {&lt;font
color=red&gt;-0.69|d21&lt;/font&gt; $15}) 27. Ng3 {?!} (27. b3 Bd5 28. bxa4
bxa4 29. Qb2 Bxe4 30. Rxe4 Qxf5 31. Qxd4 Qh5 32. Rb1 Rb8 33. a3 Rb5 34. Rf1 Kh8
{&lt;font color=red&gt;-0.11|d19&lt;/font&gt; $11}) 27... Kh8 28. Rh4 {?!} (28.
b3 Ra8 29. bxa4 Rxa4 30. a3 Rd8 31. Qb2 Bg8 32. Rc1 Ra6 33. Rcf1 Qa7 34. Rc1
Qe7 35. Rh4 Nf7 {&lt;font color=red&gt;-0.32|d21&lt;/font&gt; $15}) 28... Bg8 {
?!} (28... g5 {&lt;font color=red&gt;-0.91|d22&lt;/font&gt; $17}) 29. Qd2 Qa7
30. Rc1 Nd7 31. Qf4 Bxa2 32. Qxd4 Nb8 33. Be1 Rcd8 34. Qc3 Na6 35. Bf2 b4 36.
Qe1 {?!} (36. Qd2 Qb7 37. Ra1 Bb3 38. Ne4 Qb5 39. Nd6 Bxd6 40. cxd6 Rxd6 41.
Qf4 Rdd8 42. Qg4 Re5 43. Rc1 Rc8 {&lt;font color=red&gt;+0.00|d20&lt;/font&gt;
$11}) 36... Qb7 {?!} (36... a3 37. Qd2 Bxc5 38. Rxc5 Nxc5 39. Rxb4 Bd5 40. bxa3
Qa5 41. Qc3 Nd7 42. e4 Bf7 43. d4 c5 44. dxc5 {&lt;font color=red&gt;-0.
63|d21&lt;/font&gt; $15}) 37. Ra1 Bb3 38. Qc1 Nc7 39. Bf3 Ra8 40. Bh5 Red8 41.
Bg6 h6 42. Ne4 Ne8 43. Be3 {?!} (43. Nd2 Bg8 {&lt;font color=red&gt;+0.
74|d23&lt;/font&gt; $14}) 43... Bd5 44. Kf2 Bxe4 {?!} (44... Kg8 45. Rg4 Kh8
46. Kf1 Qa7 47. Bf2 Qa5 48. Kg1 a3 49. bxa3 bxa3 50. Be1 Qa7 51. d4 a2 52. Nc3
{&lt;font color=red&gt;+0.02|d18&lt;/font&gt; $11}) 45. Rxe4 Nc7 46. Bxh6 gxh6
47. Re7 Rd4 {?!} (47... Qb5 48. Rh7+ Kg8 49. Rxc7 Qxc5+ 50. Kg2 Qxc1 51. Bf7+
Kh8 52. Rxc1 Bd6 53. R7xc6 Be5 54. Rb1 a3 55. bxa3 {&lt;font color=red&gt;+0.
11|d23&lt;/font&gt; $11}) 48. Rh7+ Kg8 49. Qe3 Rg4 50. h3 {?} (50. Qf3 Rg5 51.
h4 Rxg6 52. fxg6 Bg7 53. Qg4 Ne8 54. e3 a3 55. bxa3 Rxa3 56. Rb1 b3 57. Kf3 Kf8
{&lt;font color=red&gt;+0.45|d19&lt;/font&gt; $14}) 50... Rxg6 51. fxg6 Qc8 52.
Rg1 {?!} (52. Qe4 Nd5 {&lt;font color=red&gt;-0.80|d20&lt;/font&gt; $17}) 52...
Qf5+ 53. Ke1 Re8 54. Qg3 {?} (54. Qd4 Bxc5 55. Qh4 h5 56. Rxh5 Bf2+ 57. Kd1
Bxh4 58. Rxf5 Nd5 59. Rh5 Bf2 60. g7 Bxg1 61. Rh8+ Kxg7 {&lt;font color=red&gt;
-1.82|d21&lt;/font&gt; $17}) 54... Ne6 55. e4 Qxc5 56. Kd1 Bg7 57. Rg2 Qe5 58.
Qe3 Rd8 59. Ke1 c5 60. Rxh6 Nf4 {Z0} ({Rd2} 60... Bxh6 61. Kf1 Qd4 62. Qxd4
Rxd4 {Rd1 Rxd3 Ra1 a3 bxa3 Rxh3} 63. Kf2 {bxa3 Kg1 Nxg6 Houdini Aquarium (0:00:
01) &lt;font color=red&gt;-13.16|d17&lt;/font&gt; $19}) 0-1

[Event "?"]
[Site "?"]
[Date "2012.06.10"]
[Round "?"]
[White "Carlsen, Magnus"]
[Black "Caruana, Fabiano"]
[Result "1/2-1/2"]
[WhiteElo "2835"]
[BlackElo "2770"]
[PlyCount "59"]
[EventDate "2012.??.??"]

1. d4 Nf6 2. c4 g6 3. Nc3 d5 4. cxd5 Nxd5 5. e4 Nxc3 6. bxc3 Bg7 7. Qa4+ Nd7 8.
Nf3 O-O 9. Be3 c5 10. Rc1 Nb6 11. Qd1 Bg4 {N} (11... Qc7 12. Bd3 Rd8 13. h3 e5
14. O-O Be6 15. Qe2 Qd6 16. Bg5 f6 17. Be3 Rac8 {... 1/2-1/2, Hughes Tyler B 
(USA) 2230 - Dragicevic Drazen (SWE) 2316, Gaziantep (Turkey) 2008.08.06}) 12.
Be2 Bxf3 13. gxf3 {?!} (13. Bxf3 Nc4 14. O-O b5 15. e5 Rc8 16. Qe2 e6 17. h3
cxd4 18. cxd4 Qd7 19. Rb1 Rfd8 20. Be4 Rc7 {&lt;font color=red&gt;+0.27|d17&lt;
/font&gt; $14}) 13... cxd4 14. cxd4 Qd7 15. O-O Rac8 16. Qd2 Rfd8 17. Rfd1 Rxc1
18. Qxc1 Rc8 19. Qa3 Na4 20. Bf1 b5 21. Rc1 Rxc1 22. Qxc1 Bxd4 23. Bxb5 Bxe3
24. Bxd7 Bxc1 25. Bxa4 Bf4 26. h3 Be5 27. Kg2 Bf4 28. Kg1 Be5 29. Kg2 Bf4 30.
Kg1 {Z0} ({g5} 30. Kf1 Kg7 31. Bc6 Kf6 32. Ke2 Bc7 33. Bd5 e6 34. Bc6 Bb6 35.
Be8 Bc5 36. a4 Bb6 37. Bd7 {Houdini Aquarium (0:00:04) &lt;font color=red&gt;
-0.33|d24&lt;/font&gt; $15}) 1/2-1/2

[Event "?"]
[Site "?"]
[Date "2012.06.10"]
[Round "?"]
[White "Radjabov, Teimour"]
[Black "Kramnik, Vladimir"]
[Result "1/2-1/2"]
[WhiteElo "2784"]
[BlackElo "2801"]
[PlyCount "50"]
[EventDate "2012.??.??"]

{Qd2 Houdini Aquarium (0:00:06) &lt;font color=red&gt;+0.00|d24&lt;/font&gt;
$11} 1. e4 e5 2. Nf3 Nc6 3. Bb5 Nf6 4. d3 Bc5 5. O-O d6 6. c3 O-O 7. h3 Ne7 8.
Nbd2 a6 9. Ba4 Ng6 10. d4 Ba7 11. Re1 b5 12. Bc2 c5 13. d5 {N} (13. Nf1 cxd4
14. cxd4 Bb7 15. Be3 Nxe4 16. dxe5 Bxe3 17. Rxe3 Ng5 18. N3h2 Nf4 19. Qg4 dxe5
20. Rxe5 Bxg2 21. Rxg5 Qxg5 22. Qxg5 Nxh3+ {... 1/2-1/2, Kobalia Mikhail (RUS)
2679 - Lysyj Igor (RUS) 2629, Khanty Mansyisk (Russia) 2011.08.28}) 13... c4
14. Nf1 Nh5 15. Bg5 f6 16. Be3 Nhf4 17. Ng3 Ne7 {?!} (17... a5 18. Qd2 {&lt;
font color=red&gt;+0.37|d21&lt;/font&gt; $14}) 18. a4 Qc7 19. axb5 axb5 20. Ra3
{?!} (20. Bxf4 exf4 21. Ne2 Ng6 22. Qd2 Qb6 23. Ned4 Ne5 24. Qxf4 b4 25. Reb1
Bd7 26. Bd1 Nd3 27. Qe3 f5 {&lt;font color=red&gt;+0.68|d22&lt;/font&gt; $14})
20... Bxe3 21. Rxa8 Bb6 {?!} (21... Ba7 22. Qa1 Bb6 23. Rf1 g6 24. Bd1 Qd7 25.
Ne2 Nxh3+ 26. gxh3 Qxh3 27. Nh2 Qh4 {&lt;font color=red&gt;+0.33|d21&lt;/
font&gt; $14}) 22. Qd2 Qc5 23. Qe3 Qc7 24. Qd2 Qc5 25. Qe3 {?!} (25. Nf1 Qc7
26. Rea1 g6 27. Ne3 h6 28. Nh4 Kg7 29. Kh2 Qd7 30. b4 {&lt;font color=red&gt;
+1.31|d23&lt;/font&gt; $16}) 25... Qc7 {Z0} () 1/2-1/2

[Event "?"]
[Site "?"]
[Date "2012.06.10"]
[Round "?"]
[White "Nakamura, Hikaru"]
[Black "Tomashevsky, Evgeny"]
[Result "1/2-1/2"]
[WhiteElo "2775"]
[BlackElo "2738"]
[PlyCount "81"]
[EventDate "2012.??.??"]

1. e4 e5 2. f4 d5 3. exd5 exf4 4. Nf3 Nf6 5. Be2 Nxd5 6. c4 Nf6 {?} (6... Nb4
7. d4 Bf5 8. Na3 g5 9. O-O Be7 10. Nxg5 Bxg5 11. Bxf4 Bxf4 12. Rxf4 Qg5 13.
Rxf5 Qxf5 14. Qe1 {&lt;font color=red&gt;-0.92|d24&lt;/font&gt; $17}) 7. d4 Bd6
8. c5 Be7 9. Nc3 Be6 {N} (9... O-O 10. Bxf4 c6 11. O-O Na6 12. Ng5 Nc7 13. Be5
Ne6 14. Nge4 Ne8 15. Bc4 b5 16. cxb6 axb6 17. d5 cxd5 18. Nxd5 Nc5 19. Nec3 {
... 1-0, Hermann Jean-Philippe (FRA) 2238 - Marx Nicolas (FRA) 2091, France
2002}) 10. Bxf4 Nd5 11. Bg3 O-O 12. Qd2 Nd7 13. O-O c6 14. Ne4 N7f6 15. Bd3
Nxe4 16. Bxe4 f5 17. Bc2 f4 18. Bf2 Bf5 19. Bb3 Kh8 20. Rae1 Bf6 21. Ne5 g5 22.
Qd1 Qc7 23. Nc4 Bg6 24. Nd6 Ne3 25. Bxe3 fxe3 26. Rxe3 Qg7 27. Kh1 Bxd4 28.
Ref3 Rxf3 29. Rxf3 Bf6 30. Qf1 Be7 31. Qe1 Bf6 32. Qf2 {?!} (32. Qf1 Be7 33.
Qf2 Rf8 34. Rxf8+ Qxf8 35. Qxf8+ Bxf8 36. Nxb7 {&lt;font color=red&gt;+0.
34|d25&lt;/font&gt; $14}) 32... Bd4 33. Qd2 Bxc5 34. Nf7+ Bxf7 35. Rxf7 Rf8 36.
Rxf8+ Bxf8 37. Qd8 Qe7 38. Qd4+ Bg7 39. Qxa7 Qe1+ 40. Qg1 Qxg1+ 41. Kxg1
1/2-1/2

[Event "?"]
[Site "?"]
[Date "2012.06.13"]
[Round "?"]
[White "Grischuk, Alexander"]
[Black "Caruana, Fabiano"]
[Result "1/2-1/2"]
[WhiteElo "2761"]
[BlackElo "2770"]
[PlyCount "62"]
[EventDate "2012.??.??"]

1. d4 Nf6 2. c4 g6 3. Nc3 d5 4. Nf3 Bg7 5. Bf4 O-O 6. Rc1 Be6 7. Ng5 {?!} (7.
Qb3 Nc6 8. Qxb7 Na5 9. Qxc7 Qxc7 10. Bxc7 Nxc4 11. b3 Rfc8 12. bxc4 Rxc7 13. c5
Ne4 14. Nd1 Bf5 {&lt;font color=red&gt;+0.45|d24&lt;/font&gt; $14}) 7... c5 {N}
(7... Bf5 8. cxd5 h6 9. Nf3 Nxd5 10. Be5 Nf6 11. e3 Nbd7 12. Bg3 c5 13. Be2 Qa5
14. O-O Rac8 15. d5 Nb6 16. Nd2 Rfd8 17. e4 {... 1-0, Garcia Toledo Javier -
Retamozo Henry (PER) 2235, Lima (Peru) 1999}) 8. dxc5 d4 9. Nb5 Nc6 {?!} (9...
Bd7 10. Nxd4 Ng4 11. c6 Nxc6 12. Nxc6 bxc6 13. h3 e5 14. Bd2 Nf6 15. Qc2 e4 16.
e3 Qe7 17. Bc3 {&lt;font color=red&gt;-0.27|d23&lt;/font&gt; $15}) 10. Nc7 Bf5
11. Nxa8 e5 12. Bd2 e4 13. e3 h6 14. Nh3 Bxh3 15. gxh3 Ne5 16. Bg2 Nd3+ 17. Kf1
Nxc1 18. Qxc1 d3 19. Bc3 Qe7 {?} (19... Re8 20. b4 Qxa8 21. Qb2 Qd8 22. a4 Qe7
23. Bd4 Nh5 24. a5 Qe6 25. Qc3 Bxd4 26. Qxd4 Nf6 27. Rg1 {&lt;font
color=red&gt;-1.19|d20&lt;/font&gt; $17}) 20. Nc7 Qxc7 21. Bxf6 Bxf6 22. Bxe4
Rd8 23. Bd5 Qxc5 24. Qd1 Rxd5 25. cxd5 Qxd5 26. Rg1 Kg7 27. Qb3 Qe4 28. Rg4
Qh1+ 29. Rg1 Qe4 30. Rg4 Qh1+ 31. Rg1 Qe4 {Z0} ({a3} 31... a6 {Rg4 Qh1+ Rg1
Qe4 Rg4 Houdini Aquarium (0:00:12) &lt;font color=red&gt;+0.00|d20&lt;/font&gt;
$11}) 1/2-1/2

[Event "?"]
[Site "?"]
[Date "2012.06.13"]
[Round "?"]
[White "Aronian, Levon"]
[Black "Morozevich, Alexander"]
[Result "0-1"]
[WhiteElo "2825"]
[BlackElo "2769"]
[PlyCount "80"]
[EventDate "2012.??.??"]

1. d4 d5 2. c4 e6 3. Nc3 c6 4. e3 Nd7 5. Nf3 f5 6. Bd3 Nh6 7. b3 Bd6 8. Bb2 O-O
9. O-O Rf6 10. Qc2 {N} (10. Ne2 Ng4 11. h3 Rh6 12. hxg4 fxg4 13. Ne5 Bxe5 14.
dxe5 Qh4 15. f4 g3 16. Nxg3 Qxg3 17. Rf3 Qh2+ 18. Kf2 Nc5 19. Bc2 Bd7 20. Rg3
Be8 {... 0-1, Denker Arnold S (USA) 2293 - Abrahams Gerald (ENG), London 
(England) 1946}) 10... Nf7 11. Nd2 {?!} (11. cxd5 exd5 12. Ne2 Qc7 13. h3 Nf8
14. a4 Bd7 15. Ba3 Bxa3 16. Rxa3 Ne6 17. h4 Rf8 18. a5 a6 {&lt;font
color=red&gt;+0.75|d22&lt;/font&gt; $16}) 11... e5 {?!} (11... Rh6 12. f4 Nf6
13. Nf3 Bd7 14. c5 Be7 15. b4 Rg6 16. a3 b6 17. Rab1 Qc7 18. Ba1 Re8 19. Kh1 {
&lt;font color=red&gt;+0.20|d24&lt;/font&gt; $11}) 12. Bxf5 {?!} (12. cxd5 e4
13. Bc4 Nb6 14. g3 Rg6 15. Rac1 Qe7 16. Rfd1 Ng5 17. Kh1 Nxc4 18. bxc4 cxd5 19.
c5 Bb8 {Houdini Aquarium (0:17:29) &lt;font color=red&gt;+0.81|d23&lt;/font&gt;
$16}) 12... e4 13. Bxh7+ Kxh7 14. cxd5 Rg6 15. Ndxe4 Nf6 16. Nxf6+ Qxf6 17. f4
Nh6 {?!} (17... Bg4 18. Rae1 Re8 19. Qd3 Qh4 20. g3 Qh5 21. dxc6 bxc6 22. e4
Bh3 23. Qf3 Rh6 24. Qxh5 Rxh5 25. Rf2 {&lt;font color=red&gt;-0.05|d21&lt;/
font&gt; $11}) 18. Ne4 Qf5 19. dxc6 Be7 {?} (19... Ng4 20. Rae1 bxc6 21. h3 Nf6
22. Nxf6+ gxf6 23. Qxc6 Rb8 24. Rf2 Rb6 25. Qf3 Qxh3 26. Qxh3+ Bxh3 27. e4 {
&lt;font color=red&gt;+0.18|d22&lt;/font&gt; $11}) 20. c7 Rc6 {?!} (20... Kg8
21. Rac1 Ng4 22. Rfe1 {&lt;font color=red&gt;+0.80|d23&lt;/font&gt; $16}) 21.
Qb1 {?!} (21. Qd3 Rxc7 22. d5 Rd7 23. Rad1 b6 24. Ng5+ Kg8 25. e4 Qg6 26. Ne6
Ng4 27. Bd4 Nf6 28. f5 Qh5 {&lt;font color=red&gt;+1.56|d17&lt;/font&gt; $16})
21... Rxc7 22. Nc3 {?!} (22. d5 Qg6 23. Ng5+ Bxg5 24. Qxg6+ Kxg6 25. fxg5 Nf7
26. Rac1 Rxc1 27. Rxc1 Bf5 28. Rc7 Be4 29. Rxb7 Bxd5 {&lt;font color=red&gt;+0.
50|d22&lt;/font&gt; $14}) 22... Qxb1 23. Raxb1 Rd7 24. Rbd1 b6 25. e4 Bb7 26.
h3 Ng8 27. e5 Rc8 28. d5 Bb4 29. e6 Rdd8 30. Ne4 {?!} (30. Rf3 Ne7 31. Rg3 Nf5
32. Rgd3 Bc5+ 33. Kh1 Bd6 34. g4 Ne7 35. Rd4 Bc5 36. R4d3 Bb4 37. Kh2 Bxc3 {
&lt;font color=red&gt;+0.00|d19&lt;/font&gt; $11}) 30... Rxd5 31. Ng5+ Kg6 32.
Rxd5 Bxd5 33. Rd1 Ne7 34. Bd4 {?!} (34. Rc1 Rc5 35. Rxc5 Bxc5+ 36. Kf1 Nc6 37.
g3 Be7 38. h4 Bf6 39. Ba3 Bxg5 40. fxg5 Bxe6 41. Kf2 Kf5 {&lt;font
color=red&gt;-1.46|d22&lt;/font&gt; $17}) 34... Rc2 35. g4 Bd2 36. Rf1 Bc1 {?!}
(36... Nc6 37. Bf2 Bxf4 38. Rd1 Ne7 39. h4 Bxg5 40. hxg5 Rxa2 41. Rd3 Re2 42.
Rc3 Rxe6 43. Kh2 Kxg5 44. Kg3 {&lt;font color=red&gt;-4.56|d19&lt;/font&gt; $19
}) 37. Nf3 {?!} (37. Rf2 Rxf2 38. Kxf2 Bxf4 39. Nf3 Bxe6 40. Ne5+ Kh6 41. Nd3
Bg5 42. Be5 Nd5 43. Kg3 Be7 44. Bb8 a6 {&lt;font color=red&gt;-2.56|d21&lt;/
font&gt; $19}) 37... Bxf4 38. Nh4+ Kg5 39. Nf3+ Kh6 40. h4 Rxa2 {Z0} (40... Rf2
41. Rxf2 {Houdini Aquarium (0:01:33) &lt;font color=red&gt;-5.48|d22&lt;/
font&gt; $19}) 0-1

[Event "?"]
[Site "?"]
[Date "2012.06.13"]
[Round "?"]
[White "Tomashevsky, Evgeny"]
[Black "McShane, Luke J"]
[Result "1/2-1/2"]
[WhiteElo "2738"]
[BlackElo "2706"]
[PlyCount "95"]
[EventDate "2012.??.??"]

1. d4 Nf6 2. c4 d6 3. Nc3 e5 4. Nf3 e4 {?!} (4... exd4 5. Nxd4 Be7 6. e4 O-O 7.
Bd3 Nc6 8. Nxc6 bxc6 9. O-O Nd7 10. Be3 Bf6 11. Qc2 Ne5 12. Be2 {&lt;font
color=red&gt;+0.14|d17&lt;/font&gt; $11}) 5. Nd2 Qe7 6. Nb3 h6 7. g3 g6 8. Bg2
Bg7 9. h3 O-O 10. Be3 c6 11. Qd2 Kh7 12. g4 d5 13. g5 hxg5 14. Bxg5 Qd6 15. c5
Qe6 16. f3 b5 17. e3 {?!} (17. h4 exf3 18. Bxf3 b4 19. Nd1 Re8 20. h5 Nxh5 21.
Ne3 a5 22. Bg4 Qe4 23. Bf3 Qe6 24. Bg4 {&lt;font color=red&gt;+0.00|d23&lt;/
font&gt; $11}) 17... Nbd7 {?!} (17... a5 18. a3 {&lt;font color=red&gt;-0.
30|d21&lt;/font&gt; $15}) 18. h4 b4 19. Ne2 Nh5 {?!} (19... exf3 20. Bxf3 Ne4
21. Bxe4 Qxe4 22. O-O-O Nf6 23. Ng3 Qf3 24. Bxf6 Bxf6 25. Rdf1 Qxg3 26. Rxf6
Bf5 27. Rxc6 {&lt;font color=red&gt;+0.00|d18&lt;/font&gt; $11}) 20. Bh3 {?!} (
20. fxe4 f6 21. Bf4 dxe4 22. Na5 Ba6 23. Bd6 Rfc8 24. Nf4 Nxf4 25. Bxf4 Bh6 26.
Bxh6 {&lt;font color=red&gt;+0.39|d21&lt;/font&gt; $14}) 20... f5 21. fxe4 dxe4
22. Nf4 Nxf4 23. Bxf4 Nf6 24. Bf1 a5 25. Nc1 Nh5 26. Ne2 Ba6 27. Bd6 Bh6 28.
Nf4 Bxf4 29. Bxf4 Nxf4 30. Bxa6 Nh5 31. Be2 Ng3 32. Rg1 f4 33. exf4 e3 34. Qd3
Nxe2 35. Qxe2 Rxf4 36. h5 Rxd4 {?} (36... g5 37. Qd3+ Kh6 38. a3 Rd8 39. Qg6+
Qxg6 40. hxg6 Rfxd4 41. g7 R4d5 42. axb4 axb4 43. Rg4 Kxg7 44. Rxb4 {&lt;font
color=red&gt;-1.78|d18&lt;/font&gt; $17}) 37. Rd1 Rxd1+ 38. Qxd1 g5 39. Rxg5
Qf6 40. Qd3+ Kh8 41. Qxe3 Qxb2 42. Rg6 Qa1+ 43. Kf2 Rf8+ 44. Kg3 Qc3 45. Rh6+
Kg7 46. Rg6+ Kh7 47. Rh6+ Kg7 48. Rg6+ {Z0} ({Kh7 Rh6+ Kg7} 48. Rg6+ Kh7 {
Houdini Aquarium (0:00:00) &lt;font color=red&gt;+0.00|d30&lt;/font&gt; $11})
1/2-1/2

[Event "?"]
[Site "?"]
[Date "2012.06.13"]
[Round "?"]
[White "Radjabov, Teimour"]
[Black "Carlsen, Magnus"]
[Result "0-1"]
[WhiteElo "2784"]
[BlackElo "2835"]
[PlyCount "118"]
[EventDate "2012.??.??"]

{Ra4 Re1+ Houdini Aquarium (0:00:59) &lt;font color=red&gt;-3.48|d23&lt;/
font&gt; $19} 1. e4 e5 2. Nf3 Nc6 3. d4 exd4 4. Nxd4 Bc5 5. Nxc6 Qf6 6. Qf3
bxc6 7. Qg3 d6 8. Nc3 Qg6 9. Bd3 Nf6 10. Na4 Bd4 11. c3 Bb6 12. O-O {N} (12. f3
Nd7 13. Bf4 f6 14. Bc4 Ne5 15. Qxg6+ {1/2-1/2, Radjabov Teimour (AZE) 2756 -
Aronian Levon (ARM) 2768, Wijk aan Zee (Netherlands) 2009.01.18}) 12... Qxg3
13. hxg3 Ng4 14. Bf4 f6 15. Rad1 h5 16. Be2 Be6 17. Nxb6 axb6 18. a3 Ke7 19. f3
Ne5 20. Kf2 b5 21. Bxe5 fxe5 22. Ke3 h4 23. gxh4 Rxh4 24. Rh1 Rah8 25. Rxh4
Rxh4 26. Rc1 Rh2 27. Kf2 Rh8 28. Ke3 g5 29. Bd3 Kd7 30. Ra1 Bb3 31. Rc1 Kc8 32.
Kf2 Kb7 33. Kg3 Be6 34. Ra1 Kb6 35. Rc1 c5 36. Ra1 c4 37. Bc2 Kc5 38. Re1 c6
39. Bb1 Kb6 40. Bc2 Kc7 41. Kf2 Kd7 42. a4 bxa4 43. Ra1 Rb8 44. Ra2 d5 45. exd5
cxd5 46. Bxa4+ Kd6 47. Bc2 d4 48. Be4 Rb6 49. Ke2 g4 50. fxg4 Bxg4+ 51. Kd2 Be6
52. Kc2 {?!} (52. Ke2 d3+ 53. Ke3 Bd5 54. g4 Bxe4 55. Kxe4 d2 56. Ra1 Rxb2 57.
Ke3 Rc2 58. g5 Kd5 59. g6 Rxc3+ {&lt;font color=red&gt;-0.73|d26&lt;/font&gt;
$15}) 52... Bd5 53. Bxd5 d3+ 54. Kd2 Kxd5 55. Ke3 Rg6 56. Ra5+ Ke6 57. Ke4 Rg4+
58. Kf3 Rf4+ 59. Ke3 Rf1 {Z0} () 0-1

[Event "?"]
[Site "?"]
[Date "2012.06.13"]
[Round "?"]
[White "Nakamura, Hikaru"]
[Black "Kramnik, Vladimir"]
[Result "1/2-1/2"]
[WhiteElo "2775"]
[BlackElo "2801"]
[PlyCount "80"]
[EventDate "2012.??.??"]

1. c4 c5 2. Nf3 Nc6 3. d4 cxd4 4. Nxd4 Nf6 5. Nc3 e6 6. Ndb5 d5 7. Bf4 e5 8.
cxd5 exf4 9. dxc6 bxc6 10. Qxd8+ Kxd8 11. Rd1+ Bd7 12. Nd6 Kc7 13. Nxf7 Rg8 14.
Ne5 Rb8 15. Nxd7 Nxd7 16. g3 Rxb2 17. Bh3 Nf6 18. O-O Bb4 19. Rc1 Rd8 20. Bg2
Rdd2 21. gxf4 {N} (21. a3 Bxc3 22. Rxc3 Rdc2 23. Rxc2 Rxc2 24. Bf3 g5 25. gxf4
g4 26. Bg2 Rxe2 27. f3 g3 28. hxg3 Ra2 29. f5 Nd5 30. Re1 {... 1-0, Postny
Evgeny (ISR) 2260 - Gruenfeld Yehuda (ISR) 2475, Givatayim (Israel) 1998})
21... Rbc2 22. Ne4 Rxe2 23. Nxf6 gxf6 24. Rxc2 Rxc2 25. Be4 Rxa2 26. Rc1 c5 27.
Bxh7 Rd2 28. h4 a5 29. h5 Rd8 30. Kg2 a4 31. h6 Rh8 32. Bc2 Rxh6 33. Bxa4 Rh8
34. Bb3 Rd8 35. Rd1 Bd2 36. Ba2 Bxf4 37. Rxd8 Kxd8 38. Kf3 Be5 39. Ke4 Kd7 40.
f4 Bxf4 {Z0} ({Kxf4} 40... c4 41. Bxc4 Kd6 42. Bd3 Ke7 43. Kf5 Kf8 44. Bb1 Kg7
45. Be4 Kh6 {Kxf6 Houdini Aquarium (0:00:06) &lt;font color=red&gt;+0.
00|d22&lt;/font&gt; $11}) 1/2-1/2

[Event "?"]
[Site "?"]
[Date "2012.06.17"]
[Round "?"]
[White "Carlsen, Magnus"]
[Black "Tomashevsky, Evgeny"]
[Result "1/2-1/2"]
[WhiteElo "2835"]
[BlackElo "2738"]
[PlyCount "169"]
[EventDate "2012.??.??"]

1. c4 e5 2. Nc3 Nf6 3. Nf3 Nc6 4. g3 Bc5 5. Bg2 d6 6. O-O a6 7. a3 O-O 8. b4
Ba7 9. d3 h6 10. Bb2 Rb8 11. Rc1 Be6 12. Nd2 Ne7 13. e3 {N} (13. Qb3 c6 14. a4
b5 15. Qa3 Qd7 16. Ra1 Bb6 17. axb5 axb5 18. Rfd1 d5 19. e3 Bg4 20. Nf3 Ng6 21.
cxd5 cxd5 22. d4 exd4 23. Nxd4 Ne5 {... 0-1, Verduga Denis (MEX) 2359 -
Quezada Yuniesky (CUB) 2546, Morelia (Mexico) 2007.02.16}) 13... Qd7 14. Ne2
Bg4 15. Re1 Ng6 16. Qc2 c6 17. d4 Rbe8 18. c5 Bb8 19. dxe5 dxe5 20. Nc4 Bh3 21.
Rcd1 Qe6 22. Na5 Bxg2 23. Kxg2 Re7 24. e4 Qg4 25. Ng1 Nh4+ 26. Kh1 Nf3 27. Nxf3
Qxf3+ 28. Kg1 Qg4 29. Rd3 Qc8 30. Nc4 Qe6 31. f3 Bc7 32. Red1 Rd7 33. Nd6 {?!}
(33. Rxd7 Nxd7 34. Kg2 Rd8 35. Qc3 h5 36. h4 Qe7 37. f4 f6 38. f5 Kh7 39. Qb3
Qf7 40. Qc2 a5 {&lt;font color=red&gt;+0.82|d23&lt;/font&gt; $16}) 33... Bxd6
34. Rxd6 Rxd6 35. Rxd6 Qa2 36. Kg2 Re8 37. Qc3 Nh7 38. Rd2 Nf8 39. Bc1 Qe6 40.
Rd6 Qa2+ 41. Qb2 Qxb2+ 42. Bxb2 f6 43. Kh3 Re7 44. Kg4 Kf7 45. Bc1 Rd7 46. Be3
Rxd6 47. cxd6 Nd7 48. a4 b6 49. a5 bxa5 50. bxa5 c5 51. Kh5 Kg8 52. f4 exf4 53.
gxf4 Kf7 54. Bd2 Nf8 55. Be3 Nd7 56. f5 c4 57. Bd4 Ke8 58. Kg6 Kf8 59. Bc3 Kg8
60. Bd4 Kf8 61. h3 Kg8 62. Bc3 Kf8 63. h4 Kg8 64. e5 fxe5 65. f6 gxf6 66. h5 f5
67. Kxf5 Kf7 68. Bb4 e4 69. Kxe4 Ke6 70. Kd4 Nf6 71. Kxc4 Nxh5 72. Kc5 Nf6 73.
Kc6 Nd7 74. Be1 h5 75. Bg3 Nf8 76. Kb7 h4 77. Bh2 Kd5 78. Kxa6 Kc6 79. Ka7 Nd7
80. a6 Nc5 81. Bf4 h3 82. Bg3 Kb5 83. Bh2 Kc6 84. Bg3 Kb5 85. Bh2 {Z0} ({Kc6} 
85. Be5 Nd7 86. Bf4 Nc5 87. Bh2 Nd7 88. Bf4 Nc5 {Houdini Aquarium (0:00:04)
&lt;font color=red&gt;+0.40|d26&lt;/font&gt; $14}) 1/2-1/2